000 00301nam a22001337a 4500
008 171005b xxu||||| |||| 00| 0 eng d
020 _a0316387177
041 _aeng
080 _a519.9
100 _a49
101 _aPSI
245 _aMANUAL OF PSYCHIATRIC EMERGENCIES
_cHYMAN,S.E
942 _2udc
_cBK
999 _c31964
_d31964